Women's athletics: coping with controversy /

Bibliographic Details
Corporate Author: American Association for Health, Physical Education, and Recreation
Other Authors: Hoepner, Barbara J.
Format: Book
Language:English
Published: [Washington], [publisher not identified] ; [1974]
Series:AAHPER publications.
Subjects:

MARC

Tag First Indicator Second Indicator Subfields
LEADER 00000cam a2200000 4500
001 in00000090811
005 20160108111044.0
008 740620s1974 dcu b 10000 eng
010 |a  74170341  
019 |a 994477 
035 |a (OCoLC)00849733 
035 |9 AAK6655AM 
040 |a DLC  |c DLC  |d m.c.  |d TXA  |d UtOrBLW 
043 |a n-us--- 
049 |a TXAM   |c  1 [1339181], 2 [1503312] 
050 0 0 |a GV439  |b  A68 1974 
082 0 |a 796/.019/4 
110 2 |a American Association for Health, Physical Education, and Recreation. 
245 1 0 |a Women's athletics: coping with controversy /  |c Edited by Barbara J. Hoepner. 
264 1 |a [Washington],  |b [publisher not identified] ;  |c [1974] 
300 |a 120 pages ;  |c 24 cm. 
336 |a text  |b txt  |2 rdacontent 
337 |a unmediated  |b n  |2 rdamedia 
338 |a volume  |b nc  |2 rdacarrier 
490 1 |a Its AAHPER publications 
500 |a "Selected papers from the 1973 AAHPER national convention, Minneapolis." 
504 |a Includes bibliographical references. 
650 0 |a Physical education for women. 
650 0 |a Sports for women. 
700 1 |a Hoepner, Barbara J. 
830 0 |a AAHPER publications. 
999 |a MARS 
999 f f |s e1f279ae-7611-3b17-bc4c-31846c8eead6  |i 38fd9583-f836-3fef-a2d8-78f3c87984ea  |t 0 
952 f f |p ric  |a Texas A&M University  |b Rellis Campus  |c Joint Library Facility  |d Remote Storage  |t 0  |e GV439 A68 1974  |h Library of Congress classification  |i unmediated -- volume  |m A14806273624 
998 f f |a GV439 A68 1974  |t 0  |l Remote Storage